000
00254nam a2200097Ia 4500
001
683552
005
20250826161440.0
008
250824s9999 xx 000 0 und d
245
0
_a
EINSTEIN ÇILGIN TEORİSYEN
_c
MİKE GOLDSIMITH
260
_b
TİMAŞ YAYINLARI
999
_c
683552
_d
683552